The Role of Need Saliency Theory in University Teachers/ (Record no. 178533)

MARC details
000 -LEADER
fixed length control field 00635nam a22001817a 4500
005 - DATE AND TIME OF LATEST TRANSACTION
control field 20210406103658.0
010 ## - LCCN (DPL NO)
LC control number ENG-129369
020 ## - INTERNATIONAL STANDARD BOOK NUMBER
International Standard Book Number 978-93-90627-06-6
Terms of availability 500.00
035 ## - SYSTEM CONTROL NUMBER
System control number EN-112901
037 ## - SOURCE OF ACQUISITION
Source of stock number/acquisition DBAD/PUB
082 ## - DEWEY DECIMAL CLASSIFICATION NUMBER
Classification number 370
100 ## - MAIN ENTRY--PERSONAL NAME
Personal name Padhi, Sanjukta
245 ## - TITLE STATEMENT
Title The Role of Need Saliency Theory in University Teachers/
Statement of responsibility, etc Sanjukta Padhi
260 ## - PUBLICATION, DISTRIBUTION, ETC. (IMPRINT)
Name of publisher, distributor, etc Krishna Publication House
Place of publication, distribution, etc Gujrat
Date of publication, distribution, etc 2020
270 ## - ADDRESS
Address No. 303, Yash Kunj Apartment, Devbaug, Anantwadi, Bhavnagar
City Gujrat
Postal code 364002
Electronic mail address krishnapublication62@mail.com
300 ## - PHYSICAL DESCRIPTION
Extent x+109p.
Dimensions 21cm(pbk)
Other physical details including tables.
942 ## - ADDED ENTRY ELEMENTS (KOHA)
Source of classification or shelving scheme Dewey Decimal Classification
Item type English Books
Classification part 370
Call number suffix PAD
Holdings
Withdrawn status Lost status Not for loan Collection code Home library Current library Date acquired Source of acquisition Cost, normal purchase price Full call number Barcode Copy number Cost, replacement price Koha item type
      Non-fiction Central Library Central Library 05/04/2021 DBAD/PUB 500.00 370 PAD EN-112901 1 500.00 English Books

© Delhi Public Library
Hit Counter
free hit counter